Statistics for Vince Vaughn Movies Quiz

Click here to take the quiz!

General Stats

  • This quiz has been taken 5,238 times
    (3,677 since last reset)
  • The average score is 9 of 15

Answer Stats

DescriptionMovie% Correct
Two men don false identities to attend weddings and pick up womenWedding Crashers
96%
Team of underdogs participate in a sport of "violence, exclusion, and degradation"Dodgeball
87%
Rival news teams battle for supremacy in 1970s San DiegoAnchorman
77%
Thirty-somethings relive their glory years by starting a fraternityOld School
70%
Hilarity ensues as a condo-owning couple break up and live together as roommatesThe Break-Up
70%
Oblivious husband and wife are both secret assassins - without the other's knowledgeMr. and Mrs. Smith
67%
Owner of the Bates Motel has a dark and terrible secretPsycho
62%
X-Mas is a chore for a couple who must visit all four of their divorced parentsFour Christmases
54%
Couples counseling turns a tropical vacation into a nightmareCouples Retreat
52%
Santa's cynical brother is forced to move to the North PoleFred Claus
52%
For one brief instant, a diminuitive linebacker gets to play for Notre Dame's football teamRudy
52%
Only a local neighborhood watch group can defend the planet from alien invasionThe Watch
46%
Ill-prepared hippie goes into the Alaska wilderness and predictably diesInto the Wild
39%
Despite being money, a struggling comedian fails to impress on the L.A. dating sceneSwingers
34%
Two aspiring boxers are laughably incompetent in their bid to become organized criminalsMade
10%

Score Distribution

Percentile by Number Answered

Percent of People with Each Score

Your Score History

You have not taken this quiz since the last reset